Hager (Record no. 78451)

MARC details
000 -LEADER
campo de control de longitud fija 00986nam a2200205 i 4500
001 - NÚMERO DE CONTROL
campo de control 78451
003 - IDENTIFICADOR DE NÚMERO DE CONTROL
campo de control ES-MaACL
005 - FECHA Y HORA DE LA ÚLTIMA TRANSACCIÓN
campo de control 20230906173714.0
007 - CAMPO FIJO DE DESCRIPCIÓN FÍSICA--INFORMACIÓN GENERAL
campo de control de longitud fija t|
008 - DATOS DE LONGITUD FIJA--INFORMACIÓN GENERAL
campo de control de longitud fija 041014m19421948sp ||||1| spa d
245 00 - MENCIÓN DEL TÍTULO
Título Hager
Resto del título : tratado de Farmacia práctica para funcionarios, droguistas, médicos y funcionarios de Sanidad /
Mención de responsabilidad, etc. con la colaboración de Phil E. Rimbach, Phil E. Mannheim ; publicado y completamente refundido por G. Frerichs ; traducción de la tercera edición alemana publicado bajo la dirección de Enrique Soler y Batlle.
260 ## - PUBLICACIÓN, DISTRIBUCIÓN, ETC.
Lugar de publicación, distribución, etc. Barcelona :
Nombre del editor, distribuidor, etc. Labor,
Fecha de publicación, distribución, etc. 1942-1948 (
Fabricante Talls. Gráfs. Ibero-Américanos)
300 ## - DESCRIPCIÓN FÍSICA
Extensión 5 v. :
Otras características físicas il. ;
Dimensiones 26 cm.
500 ## - NOTA GENERAL
Nota general Los tomos IV y V son apéndices publicados por Benno Reichert, versión española por Pío Font Quer.
700 1# - ENTRADA AGREGADA--NOMBRE PERSONAL
Nombre de persona Rimbach, Phil E.
9 (RLIN) 97235
700 1# - ENTRADA AGREGADA--NOMBRE PERSONAL
Nombre de persona Mannheim, Phil E.
9 (RLIN) 76065
700 1# - ENTRADA AGREGADA--NOMBRE PERSONAL
Nombre de persona Frerichs, G.
9 (RLIN) 52524
700 1# - ENTRADA AGREGADA--NOMBRE PERSONAL
Nombre de persona Soler y Batlle, Enrique.
9 (RLIN) 107198
852 ## - LOCALIZACIÓN
Ubicación ES-MaACL
Número de control de estantería C-5472-76
Sublocalización o colección R.20357
Holdings
Estatus retirado Estado de pérdida Estado de daño No para préstamo Biblioteca de origen Biblioteca actual Ubicación en estantería Fecha de adquisición Fuente de adquisición Total de préstamos Signatura topográfica completa Código de barras Visto por última vez Precio de reemplazo Tipo de ítem Koha
        Biblioteca del Ateneo de Madrid Biblioteca del Ateneo de Madrid Sala Palomar 17/01/2008     C-5472-76 1082059 23/02/2023 23/02/2023 Libro impreso